[Event "FIDE World Blitz 2014"]
[Site "Dubai UAE"]
[Date "2014.06.19"]
[Round "3.35"]
[White "Guseinov, Gadir"]
[Black "Debashis, Das"]
[Result "1/2-1/2"]
[WhiteTitle "GM"]
[BlackTitle "GM"]
[WhiteElo "2613"]
[BlackElo "2484"]
[WhiteFideId "13401378"]
[BlackFideId "5024854"]
[EventDate "2014.06.19"]

1. e4 e5 2. Nf3 Nc6 3. Bb5 a6 4. Bxc6 dxc6 5. O-O Bg4 6. h3 h5 7. d3 Qf6 8. Nbd2
Ne7 9. Nc4 Ng6 10. hxg4 hxg4 11. Bg5 Qe6 12. Nh2 Rh5 13. Be3 Nf4 14. Bxf4 exf4
15. Nxg4 O-O-O 16. Qf3 Bc5 17. Rfd1 Rdh8 18. Kf1 f5 19. Nge5 b5 20. exf5 Rxf5
21. Qxc6 Qxc6 22. Nxc6 bxc4 23. d4 f3 24. gxf3 Bd6 25. Ke2 Re8+ 26. Ne5 Bxe5 27.
dxe5 Rexe5+ 28. Kf1 Rxf3 29. Re1 Rb5 30. Rab1 Ra5 31. Ra1 Rb5 32. b3 cxb3 33.
axb3 Kb7 34. Ra4 Rc5 35. Re2 Rfc3 36. Ra2 g5 37. Ke1 Kb6 38. Kd1 a5 39. Kd2 Rf3
40. Ra4 Rd5+ 41. Ke1 Rh3 42. Re6+ c6 43. Rc4 Rc5 44. Rxc5 Kxc5 45. Re5+ Kb4 46.
Rxg5 c5 47. Kd2 Rf3 48. Rg4+ Kb5 49. Ke2 Rc3 50. Kd2 Rf3 51. Rg2 c4 52. Rg5+ Kb4
53. bxc4 Rxf2+ 54. Kc1 Kxc4 55. Rxa5 Kb4 56. Rh5 Kc3 57. Rh3+ Kc4 58. Kb2 Rf4
59. Ra3 Rf2 60. Ra4+ Kb5 61. Rh4 Kc5 62. Kb3 Kb5 63. Rh5+ Kc6 64. c3 Rf4 65. Re5
Kb6 66. Rd5 Kc6 67. Rh5 Kb6 68. Kc2 Kc6 69. Kd3 Rg4 70. Re5 Rh4 71. Re8 Rg4 72.
Rd8 Kc5 73. Rd7 Rh4 74. Rc7+ Kd5 75. Kc2 Rc4 76. Rd7+ Kc6 77. Rg7 Rh4 78. Kb3
Kc5 79. Rg5+ Kc6 80. Ra5 Kb6 81. Rd5 Kc6 82. Rc5+ 1/2-1/2

[Event "FIDE World Blitz 2014"]
[Site "Dubai UAE"]
[Date "2014.06.19"]
[Round "3.36"]
[White "Yudin, Sergei"]
[Black "Inarkiev, Ernesto"]
[Result "0-1"]
[WhiteTitle "GM"]
[BlackTitle "GM"]
[WhiteElo "2546"]
[BlackElo "2682"]
[WhiteFideId "4159659"]
[BlackFideId "4162722"]
[EventDate "2014.06.19"]

1. e4 e5 2. Nf3 Nc6 3. Bc4 Nf6 4. d3 Bc5 5. Nbd2 d6 6. c3 a6 7. Bb3 Be6 8. O-O
O-O 9. Nc4 Ba7 10. Re1 h6 11. h3 Re8 12. Ne3 Ne7 13. Bc2 c5 14. Nh4 g6 15. Qf3
Kg7 16. g4 Nh7 17. Qg3 Kh8 18. Nf1 Ng8 19. Kh1 Bb8 20. c4 Bc7 21. Ne3 Qd7 22.
Bd2 Bd8 23. Nhg2 b5 24. f4 exf4 25. Nxf4 Bf6 26. Nfd5 Be5 27. Bc3 Bxd5 28. Nxd5
Ra7 29. Bxe5+ Rxe5 30. Rf1 Qe8 31. b3 Ne7 32. Nf6 Qf8 33. Qh4 Nc6 34. Nd5 Nd4
35. Bd1 Kg7 36. Ne3 Qe7 37. Qg3 Ng5 38. Nd5 Qd8 39. Rb1 Rb7 40. Rc1 a5 41. cxb5
Rxb5 42. Ne3 Rb7 43. Nc4 Re6 44. h4 Nh7 45. g5 hxg5 46. Bg4 gxh4 47. Qh2 Rf6 48.
e5 Rxf1+ 49. Rxf1 dxe5 50. Qxe5+ f6 51. Qe4 Re7 52. Qg2 Ng5 53. Nd2 h3 54. Qg3
Qd5+ 55. Kh2 Ne2 56. Qf2 Qe5+ 57. Kh1 Ng3+ 58. Kg1 Nxf1 59. Nxf1 Qd4 0-1

[Event "FIDE World Blitz 2014"]
[Site "Dubai UAE"]
[Date "2014.06.19"]
[Round "3.37"]
[White "Kasimdzhanov, Rustam"]
[Black "Sriram, Jha"]
[Result "1-0"]
[WhiteTitle "GM"]
[BlackTitle "GM"]
[WhiteElo "2700"]
[BlackElo "2375"]
[WhiteFideId "14200244"]
[BlackFideId "5001668"]
[EventDate "2014.06.19"]

1. d4 Nf6 2. Nf3 g6 3. Nbd2 d5 4. e3 Bg7 5. Be2 O-O 6. O-O b6 7. c4 Bb7 8. cxd5
Nxd5 9. Nc4 Nd7 10. Bd2 c5 11. e4 N5f6 12. e5 Nd5 13. e6 fxe6 14. Ng5 Nc7 15.
Bc3 h6 16. Nf3 Nd5 17. Bd2 cxd4 18. Nh4 Nf4 19. Bxf4 Rxf4 20. Nxg6 Rf6 21. Nh4
Nc5 22. Bf3 Bd5 23. Ne5 Qd6 24. Re1 Raf8 25. Rc1 Bxf3 26. Nhxf3 d3 27. b4 Nd7
28. Nxd3 Rf5 29. Qe2 R8f6 30. Rcd1 Rd5 31. g3 Nf8 32. a3 Ng6 33. Qe4 Nf8 34. Kg2
Ng6 35. Re3 Nf8 36. Rc1 Nd7 37. Rc8+ Kf7 38. h4 Nf8 39. Ra8 Qc7 40. Nde5+ Kg8
41. Ng4 Rf7 42. Qxe6 Rd8 43. Rxd8 Qxd8 44. Nxh6+ Bxh6 45. Qxh6 Qd5 46. Qg5+ Qxg5
47. Nxg5 Rf5 48. Rxe7 1-0

[Event "FIDE World Blitz 2014"]
[Site "Dubai UAE"]
[Date "2014.06.19"]
[Round "3.38"]
[White "Othman, A. Moussa"]
[Black "Van Wely, Loek"]
[Result "0-1"]
[WhiteTitle "FM"]
[BlackTitle "GM"]
[WhiteElo "2275"]
[BlackElo "2654"]
[WhiteFideId "9300155"]
[BlackFideId "1000268"]
[EventDate "2014.06.19"]

1. Nf3 Nf6 2. g3 d5 3. Bg2 Bf5 4. d3 e6 5. Nbd2 h6 6. O-O Be7 7. c4 c6 8. b3 O-O
9. Bb2 a5 10. Qc2 Bh7 11. cxd5 cxd5 12. Ne5 Na6 13. Rac1 Bd6 14. Qb1 Qe7 15. Rc2
Nb4 16. Rcc1 Nd7 17. Ndf3 Nc5 18. Rfd1 f6 19. Ng4 Rac8 20. Qa1 e5 21. Ne3 d4 22.
Nc4 Bc7 23. Nfd2 Rfd8 24. a3 Nd5 25. Qa2 Kh8 26. Ne4 Nxe4 27. Bxe4 Bg8 28. Nd2
Bd6 29. Bxd5 Bxd5 30. Nc4 a4 31. bxa4 Qe6 32. Ba1 Rc6 33. Qb2 Rdc8 34. Nxd6 Qxd6
35. Rxc6 Bxc6 36. Rc1 Ra8 37. Qb3 Qd7 38. Bb2 Rxa4 39. Qb6 Ra8 40. Rc4 h5 41. f3
Kh7 42. a4 Rxa4 43. Rxa4 Bxa4 44. Ba3 Bc6 45. Qc5 Qf7 46. Qe7 Qa2 47. Kf2 Qd2
48. Qc7 Qe3+ 49. Kf1 Bxf3 50. exf3 Qxd3+ 51. Kf2 Qxa3 52. Qxb7 Qe3+ 53. Kg2 d3
54. Qb1 Kh6 55. Qb8 Qe2+ 56. Kh3 Qf1+ 0-1

[Event "FIDE World Blitz 2014"]
[Site "Dubai UAE"]
[Date "2014.06.19"]
[Round "3.40"]
[White "Cheparinov, Ivan"]
[Black "AlHuwar, Jasem"]
[Result "1-0"]
[WhiteTitle "GM"]
[BlackTitle "FM"]
[WhiteElo "2682"]
[BlackElo "2277"]
[WhiteFideId "2905540"]
[BlackFideId "9300465"]
[EventDate "2014.06.19"]

1. d4 g6 2. c4 Bg7 3. Nf3 d6 4. e4 Bg4 5. Be2 Nc6 6. Be3 e5 7. d5 Bxf3 8. Bxf3
Nd4 9. Nc3 c5 10. dxc6 bxc6 11. O-O Nf6 12. Bxd4 exd4 13. Qxd4 O-O 14. Qd2 Qc7
15. Rad1 Rfd8 16. b3 Nd7 17. g3 a5 18. Bg2 Nc5 19. Rfe1 Rab8 20. Qc2 Rb4 21. Re2
a4 22. Nxa4 Nxa4 23. bxa4 Ra8 24. Red2 Bf8 25. h4 Raxa4 26. Bf1 c5 27. Qd3 Ra6
28. Qf3 Bg7 29. h5 Bd4 30. h6 Qe7 31. Qg4 Ra8 32. Bg2 Rab8 33. Qe2 Qe6 34. Bf1
Qe5 35. Kg2 Qg5 36. Qf3 Qxh6 37. Qg4 Qg7 38. Bd3 Qh6 39. Re2 Qg7 40. Qf4 Qf6 41.
Qxf6 Bxf6 42. Bc2 Bd4 43. Bb3 Ra8 44. Rd3 Ra7 45. f4 Kg7 46. Kf3 Re7 47. g4 h6
48. Rh2 Rb8 49. Rdd2 Ra8 50. Rhe2 Rae8 51. Rc2 Ra8 52. Rcd2 Rae8 53. Ba4 Ra8 54.
Bb3 Rae8 55. Bc2 Ra8 56. Bb3 Rae8 57. Re1 g5 58. f5 Be5 59. Rde2 Rb7 60. Rh1 Ra7
61. Re3 Rb7 62. Kg2 Ra7 63. Reh3 Rh8 64. Rd3 Re8 65. Kf3 Rh8 66. Ke2 Re8 67. Kf3
Bd4 68. Rhd1 Be5 69. Rd5 Rae7 70. Re1 Ra8 71. Re2 Bf6 72. Rxd6 Be5 73. Rd5 Bd4
74. e5 f6 75. e6 Rh8 76. Rh2 Rb8 77. Ke4 Rbb7 78. Rh5 Ra7 79. Rh1 Rab7 80. Rd1
Ra7 81. Rh1 Rab7 82. Rd6 Ra7 83. Kd5 Rac7 84. Rd8 Ra7 85. Rh2 Rac7 86. Ba4 Ra7
87. Be8 Rac7 88. Bf7 Ra7 89. Rg8+ Kh7 90. Rg6 1-0

[Event "FIDE World Blitz 2014"]
[Site "Dubai UAE"]
[Date "2014.06.19"]
[Round "3.42"]
[White "Nguyen, Ngoc Truong Son"]
[Black "Sokolov, Ivan"]
[Result "1-0"]
[WhiteTitle "GM"]
[BlackTitle "GM"]
[WhiteElo "2621"]
[BlackElo "2650"]
[WhiteFideId "12401110"]
[BlackFideId "14400030"]
[EventDate "2014.06.19"]

1. d4 Nf6 2. Nf3 d5 3. Bf4 c5 4. dxc5 Nc6 5. c3 g6 6. e3 Bg7 7. Nbd2 O-O 8. Be2
Re8 9. O-O e5 10. Bg3 a5 11. Bb5 Nh5 12. a4 Nxg3 13. hxg3 Qe7 14. e4 Be6 15.
exd5 Bxd5 16. c4 Bxf3 17. gxf3 Rad8 18. Bxc6 bxc6 19. Qc2 Qxc5 20. Ne4 Qb4 21.
c5 Rd5 22. Rfd1 Rb8 23. Rab1 h5 24. Kg2 Rbd8 25. Rxd5 cxd5 26. Rd1 d4 27. c6 Rc8
28. c7 Qb6 29. Rc1 Bh6 30. Qc6 Qxc6 31. Rxc6 Bf8 32. Nf6+ Kg7 33. Nd5 d3 34. Kf1
d2 35. Ke2 1-0

[Event "FIDE World Blitz 2014"]
[Site "Dubai UAE"]
[Date "2014.06.19"]
[Round "3.43"]
[White "Salgado Lopez, Ivan"]
[Black "Nielsen, Peter Heine"]
[Result "0-1"]
[WhiteTitle "GM"]
[BlackTitle "GM"]
[WhiteElo "2622"]
[BlackElo "2654"]
[WhiteFideId "2257327"]
[BlackFideId "1400355"]
[EventDate "2014.06.19"]

1. e4 c5 2. c3 Nf6 3. e5 Nd5 4. Nf3 e6 5. a3 d6 6. d4 cxd4 7. c4 Nb6 8. Bg5 Be7
9. Bxe7 Qxe7 10. exd6 Qxd6 11. Qxd4 Qxd4 12. Nxd4 Ke7 13. Nc3 Bd7 14. c5 Na4 15.
Nxa4 Bxa4 16. Be2 Rd8 17. Nf3 Bb3 18. O-O Nd7 19. Rac1 Rac8 20. Nd4 Nxc5 21.
Rxc5 Rxc5 22. Nxb3 Rc2 23. Bf3 Rxb2 24. Na5 Rd7 25. h4 Rc7 26. a4 f5 27. Re1 Kf6
28. g4 fxg4 29. Bg2 h5 30. Re4 Rc1+ 31. Kh2 Rxf2 32. Kg3 Rb2 33. Rf4+ Ke7 0-1

[Event "FIDE World Blitz 2014"]
[Site "Dubai UAE"]
[Date "2014.06.19"]
[Round "3.44"]
[White "Kayumov, Sergey"]
[Black "Goloshchapov, Alexander"]
[Result "0-1"]
[WhiteTitle "GM"]
[BlackTitle "GM"]
[WhiteElo "2505"]
[BlackElo "2586"]
[WhiteFideId "14200880"]
[BlackFideId "14103222"]
[EventDate "2014.06.19"]

1. Nf3 d5 2. b3 Bf5 3. Bb2 e6 4. g3 Nf6 5. Bg2 h6 6. O-O Be7 7. d3 O-O 8. c4 c6
9. Nbd2 Nbd7 10. Re1 Bh7 11. cxd5 cxd5 12. Ne5 Qb6 13. Ndf3 Rfc8 14. Bd4 Bc5 15.
Bxc5 Rxc5 16. Rc1 Rac8 17. Qd2 Nxe5 18. Nxe5 Qc7 19. Rxc5 Qxc5 20. h3 Qc3 21.
Qxc3 Rxc3 22. Nf3 Kf8 23. Rd1 Ke7 24. Nd4 a6 25. Rd2 e5 26. Nc2 Kd6 27. f3 Bf5
28. g4 Be6 29. Kf2 Nd7 30. d4 f6 31. e4 Ke7 32. dxe5 Nxe5 33. f4 Nd3+ 34. Kf1
Nxf4 35. exd5 Bxd5 36. Bxd5 Nxd5 37. Nd4 g6 38. h4 Rh3 39. g5 Rxh4 40. Nf3 Rf4
41. Kg2 Ne3+ 42. Kg3 Rg4+ 43. Kf2 Nf5 44. Re2+ Kf7 45. gxh6 Nxh6 46. Rc2 Re4 47.
Rc7+ Re7 48. Rc8 Nf5 49. Rb8 g5 50. Nh2 Nh6 51. Rh8 Kg7 52. Rd8 f5 53. Nf3 Kf6
54. Nd4 Nf7 55. Rf8 g4 56. a4 Kg5 57. Rg8+ Kf4 58. Ne2+ Ke5 59. Rg7 Kf6 60. Rg8
Ng5 61. Nf4 Ne4+ 62. Kg2 Rc7 63. Nd5+ Kf7 64. Rb8 Rd7 65. Ne3 Kg6 66. Rg8+ Kf7
67. Rh8 Ke6 68. Rh6+ Ke5 69. Rh5 Kf4 70. Nxf5 Rd2+ 71. Kg1 g3 72. Nh4 Kg4 73.
Rh8 Ng5 74. Kf1 Rh2 75. Rb8 Rxh4 76. Rxb7 Kf3 77. Rf7+ Nxf7 0-1

[Event "FIDE World Blitz 2014"]
[Site "Dubai UAE"]
[Date "2014.06.19"]
[Round "3.45"]
[White "Matlakov, Maxim"]
[Black "Saeed, Ishaq"]
[Result "1-0"]
[WhiteTitle "GM"]
[BlackTitle "FM"]
[WhiteElo "2689"]
[BlackElo "2227"]
[WhiteFideId "4168003"]
[BlackFideId "9301453"]
[EventDate "2014.06.19"]

1. Nf3 Nf6 2. c4 c6 3. g3 d5 4. Bg2 g6 5. b3 Bg7 6. Bb2 O-O 7. O-O e6 8. d4 Nbd7
9. Nc3 b6 10. Qc2 Bb7 11. a4 a5 12. Ba3 Re8 13. Bd6 Nb8 14. Be5 Na6 15. Rad1 Nb4
16. Qb1 Ba6 17. Nd2 Nd7 18. Bxg7 Kxg7 19. e4 dxe4 20. Ncxe4 f5 21. Nc3 Ra7 22.
Rfe1 c5 23. Nf3 Qf6 24. Na2 Nc6 25. d5 Nce5 26. Nxe5 Nxe5 27. dxe6 Rxe6 28. Nc3
Bb7 29. Nd5 Bxd5 30. cxd5 Rd6 31. Re2 Rad7 32. Rde1 Nf7 33. Re6 Qd4 34. Qc1 h6
35. h4 g5 36. hxg5 Nxg5 37. Rxd6 Rxd6 38. Qc2 Kg6 39. Qe2 f4 40. Qe8+ Nf7 41.
Re6+ Rxe6 42. dxe6 Qd1+ 43. Bf1 Qd5 44. Qxf7+ Kg5 45. Qxf4+ Kg6 46. Qf7+ Kg5 47.
Qg7+ Kf5 48. Bh3+ Ke4 49. Bg2+ 1-0

[Event "FIDE World Blitz 2014"]
[Site "Dubai UAE"]
[Date "2014.06.19"]
[Round "3.46"]
[White "Ringoir, Tanguy"]
[Black "Sandipan, Chanda"]
[Result "0-1"]
[WhiteTitle "IM"]
[BlackTitle "GM"]
[WhiteElo "2506"]
[BlackElo "2594"]
[WhiteFideId "208027"]
[BlackFideId "5004225"]
[EventDate "2014.06.19"]

1. d4 f5 2. Nc3 Nf6 3. Bf4 d5 4. e3 a6 5. Nf3 e6 6. Bd3 c5 7. dxc5 Bxc5 8. O-O
O-O 9. Ne2 Nc6 10. c4 Nb4 11. Nc3 b6 12. cxd5 Nbxd5 13. Nxd5 Nxd5 14. Bg5 Qe8
15. e4 Nb4 16. exf5 Nxd3 17. Qxd3 Rxf5 18. b4 Bf8 19. Qe4 Ra7 20. Rac1 Bb7 21.
Qg4 Bxf3 22. gxf3 Qg6 23. Be3 Bxb4 24. Rc8+ Rf8 25. Rxf8+ Bxf8 26. Bxb6 Rb7 27.
Be3 Qxg4+ 28. fxg4 Rb4 29. h3 Ra4 30. Rb1 Rxa2 31. Rb8 Kf7 32. Rb7+ Kg6 33. Rb6
a5 34. Rxe6+ Kf7 35. Ra6 a4 36. Ra7+ Ke6 37. Bd4 g6 38. Rxh7 Rd2 39. Be3 Rd1+
40. Kg2 a3 41. Ra7 Kd5 42. Rd7+ Bd6 43. Ra7 Kc4 44. h4 Kb3 45. Rb7+ Kc2 46. Ra7
Bb4 47. h5 gxh5 48. gxh5 Kb3 49. h6 a2 50. h7 Bc3 51. Rb7+ Kc2 52. Rc7 Rd8 53.
Bd4 a1=Q 54. f3 Kd3 55. Bxc3 Qxc3 56. Rxc3+ Kxc3 57. Kg3 Kd4 58. Kf4 Rh8 59. Kf5
Rxh7 60. Kg6 Rh4 61. Kg5 Rh8 62. f4 Rg8+ 63. Kf6 Rf8+ 64. Kg5 Ke4 0-1

[Event "FIDE World Blitz 2014"]
[Site "Dubai UAE"]
[Date "2014.06.19"]
[Round "3.47"]
[White "Al-Sayed, Mohammed"]
[Black "Ipatov, Alexander"]
[Result "1/2-1/2"]
[WhiteTitle "GM"]
[BlackTitle "GM"]
[WhiteElo "2505"]
[BlackElo "2613"]
[WhiteFideId "12100196"]
[BlackFideId "14116731"]
[EventDate "2014.06.19"]

1. Nf3 d5 2. g3 c6 3. Bg2 Bg4 4. c4 e6 5. O-O Bxf3 6. Bxf3 Nd7 7. cxd5 exd5 8.
d3 Ngf6 9. Nc3 Bc5 10. e4 dxe4 11. dxe4 Ne5 12. Be2 Qxd1 13. Rxd1 Nfg4 14. Rf1
O-O-O 15. Kg2 Nf6 16. f4 Nd3 17. e5 Nxc1 18. Raxc1 Nd5 19. Nxd5 Rxd5 20. Rc2
Rhd8 21. Kf3 Kc7 22. Rfc1 Bb6 23. b4 f6 24. e6 f5 25. b5 R5d6 26. bxc6 Rxe6 27.
cxb7+ Kxb7 28. Bc4 Re3+ 29. Kg2 g6 30. Be2 a6 31. Bf3+ Ka7 32. Rb1 Red3 33. Rbb2
R3d6 34. h4 a5 35. h5 gxh5 36. Bxh5 a4 37. Bf3 a3 38. Rb5 Rd2+ 39. Rxd2 Rxd2+
40. Kh3 Rxa2 41. Rxf5 Rb2 42. Rf7+ Ka6 43. Bd5 h5 44. Rh7 Rd2 45. Bc4+ Ka5 46.
Rxh5+ Kb4 47. Be6 Rd6 48. Re5 Bd4 49. Re4 Rxe6 50. Rxe6 a2 51. Ra6 a1=Q 52. Rxa1
Bxa1 53. Kg4 Kc5 54. Kf5 Kd6 55. Kg6 Ke7 56. g4 Bd4 57. g5 Be3 58. f5 Bxg5 59.
Kxg5 Kf7 60. Kf4 Kf6 61. Ke4 Kf7 62. Ke5 Ke7 63. f6+ Kf7 64. Kf5 Kf8 65. Ke5 Kf7
66. Kf5 Kf8 67. Ke6 Ke8 68. Ke5 Kf7 69. Kf5 Kf8 70. Kg6 Kg8 71. Kh6 Kf7 1/2-1/2

[Event "FIDE World Blitz 2014"]
[Site "Dubai UAE"]
[Date "2014.06.19"]
[Round "3.49"]
[White "Aleksandrov, Aleksej"]
[Black "Nezad, Husein Aziz"]
[Result "0-1"]
[WhiteTitle "GM"]
[BlackTitle "IM"]
[WhiteElo "2554"]
[BlackElo "2365"]
[WhiteFideId "13500139"]
[BlackFideId "12100293"]
[EventDate "2014.06.19"]

1. d4 d5 2. c4 e6 3. Nc3 c6 4. e3 Bd6 5. Bd3 f5 6. Nge2 Nf6 7. f3 O-O 8. Qc2 b6
9. O-O a6 10. Bd2 Qc7 11. h3 c5 12. dxc5 bxc5 13. b3 Nc6 14. a3 Ne5 15. cxd5
exd5 16. Bxf5 d4 17. exd4 cxd4 18. Nxd4 Qa7 19. Be3 Bc5 20. Rad1 Rd8 21. Nce2
Bxf5 22. Qxf5 Rd5 23. b4 Bb6 24. Kh1 Rad8 25. f4 Nc4 26. Qe6+ Kh8 27. Bg1 Re8
28. Nc6 Rxe6 29. Nxa7 Rxe2 30. Rxd5 Nxd5 31. Rd1 Rd2 32. Rxd2 Nxd2 33. Bxb6 Nxb6
34. b5 a5 35. Kg1 Ndc4 36. Kf2 Nxa3 37. Ke3 Nac4+ 38. Kd3 a4 39. Kc2 Kg8 40. Kc3
Kf7 41. Nc6 Ke6 42. g4 a3 43. Kb3 Kd5 44. Ne7+ Ke4 45. f5 Kf4 46. Nc6 Kg3 47. g5
Nd6 48. f6 gxf6 49. gxf6 Kxh3 50. Nd8 Nxb5 51. f7 Nd7 52. Ne6 h5 53. f8=Q Nxf8
54. Nxf8 Kg4 55. Ng6 h4 56. Ne5+ Kg3 0-1

[Event "FIDE World Blitz 2014"]
[Site "Dubai UAE"]
[Date "2014.06.19"]
[Round "3.50"]
[White "Omar, Noaman"]
[Black "Al-Modiahki, Mohamad"]
[Result "0-1"]
[WhiteTitle "IM"]
[BlackTitle "GM"]
[WhiteElo "2366"]
[BlackElo "2549"]
[WhiteFideId "9300244"]
[BlackFideId "12100030"]
[EventDate "2014.06.19"]

1. d4 Nf6 2. c4 e5 3. dxe5 Ng4 4. e3 Nxe5 5. Nc3 Nbc6 6. f4 Ng6 7. Bd3 Bc5 8.
Qh5 d6 9. Nf3 Nb4 10. Bb1 Qe7 11. Ne4 Bb6 12. a3 Nc6 13. c5 dxc5 14. O-O Bd7 15.
Kh1 O-O-O 16. b4 cxb4 17. axb4 f5 18. Nc5 Bxc5 19. bxc5 Kb8 20. Bb2 Qxe3 21.
Bxf5 Qe2 22. Bxg7 Rhg8 23. Bxg6 Rxg7 24. Rae1 hxg6 25. Qh6 Qb2 26. Ne5 Rgg8 27.
Nxd7+ Rxd7 28. Qh3 Qd2 29. Qg3 Rdd8 30. h3 Qd5 31. Kh2 Qxc5 32. Re2 Qd6 33. Rfe1
g5 34. Re6 Qxf4 35. Qxf4 gxf4 36. Rb1 Kc8 37. Rb3 Rd2 0-1

[Event "FIDE World Blitz 2014"]
[Site "Dubai UAE"]
[Date "2014.06.19"]
[Round "3.51"]
[White "Kovalev, Vladislav"]
[Black "Hilwani, Talal"]
[Result "1-0"]
[WhiteTitle "GM"]
[WhiteElo "2554"]
[BlackElo "2274"]
[WhiteFideId "13504398"]
[BlackFideId "7600410"]
[EventDate "2014.06.19"]

1. e4 c5 2. Nf3 d6 3. d4 cxd4 4. Nxd4 a6 5. Nc3 Nd7 6. Be2 Ngf6 7. O-O g6 8. f4
Bg7 9. a4 O-O 10. Bf3 Qc7 11. Re1 Rb8 12. Kh1 Re8 13. Be3 b6 14. Nd5 Nxd5 15.
exd5 Bb7 16. Rc1 Rbc8 17. c4 Nc5 18. b4 Nd7 19. Bf2 a5 20. b5 Nc5 21. Nc6 Bf6
22. Qc2 Qd7 23. g4 Bg7 24. Re2 e6 25. dxe6 Rxe6 26. Rxe6 fxe6 27. Rd1 Qc7 28.
Kg2 Rf8 29. Bg3 Kh8 30. Re1 Bxc6 31. Bxc6 e5 32. fxe5 dxe5 33. Bd5 Qe7 34. h4
Qd7 35. Qe2 Re8 36. Rf1 e4 37. Rf7 Re7 38. Rf1 Re8 39. h5 gxh5 40. gxh5 e3 41.
Rf7 Re7 42. Rf3 Bd4 43. Rf8+ Kg7 44. Rg8+ Kh6 45. Bf4# 1-0

[Event "FIDE World Blitz 2014"]
[Site "Dubai UAE"]
[Date "2014.06.19"]
[Round "4.5"]
[White "Onischuk, Vladimir"]
[Black "Nepomniachtchi, Ian"]
[Result "1/2-1/2"]
[WhiteTitle "GM"]
[BlackTitle "GM"]
[WhiteElo "2594"]
[BlackElo "2730"]
[WhiteFideId "14114038"]
[BlackFideId "4168119"]
[EventDate "2014.06.19"]

1. e4 c5 2. Nf3 d6 3. d4 Nf6 4. Nc3 cxd4 5. Nxd4 a6 6. a4 e5 7. Nf3 h6 8. Bc4
Be6 9. Qe2 Be7 10. O-O O-O 11. Rd1 Qc7 12. Ba2 Nbd7 13. Nh4 Rfe8 14. Nf5 Bf8 15.
Ne3 Rac8 16. Ned5 Nxd5 17. Bxd5 Nf6 18. Bb3 Qc6 19. Nd5 Bxd5 20. exd5 Qc7 21. a5
g6 22. Be3 Bg7 23. Ra4 Nd7 24. Rb4 f5 25. c3 e4 26. Ba4 Re7 27. Bxd7 Qxd7 28.
Rb6 g5 29. Bd4 f4 30. Bxg7 Kxg7 31. Qd2 f3 32. Qd4+ Re5 33. h3 fxg2 34. Kxg2 Rc5
35. b4 Rb5 36. Rxb5 axb5 37. Re1 Qf5 38. Re3 Kg6 39. Qb6 Qd7 40. Qd4 Qe7 41. c4
bxc4 42. b5 Qf7 43. a6 bxa6 44. bxa6 c3 45. Rxc3 Rf5 46. a7 e3 47. Qxe3 Qxd5+
48. Kh2 Re5 49. Qd3+ Qxd3 50. Rxd3 Ra5 51. Rxd6+ Kf5 52. Rd7 Ra3 53. Kg2 h5 54.
Rf7+ Kg6 55. Rc7 Kf5 56. Kf1 h4 57. Ke2 Ke6 58. Rg7 Kf6 59. Rh7 Ke6 60. Kd2 Kf6
61. Kc2 Kg6 62. Kb2 Ra5 63. Rc7 g4 64. hxg4 h3 65. Rc3 Rxa7 66. Rxh3 Kg5 67. f3
Kf4 68. Kc3 Rd7 69. Kc4 Rd8 70. Kc5 Rd1 71. Kc6 Rd2 72. Rh1 Kxf3 73. Rg1 Kf2 74.
Rh1 Kg3 75. g5 Rg2 76. g6 Kf4 77. Rh6 Kg5 78. Rh8 Kf6 79. Rf8+ Kg7 80. Rd8 Rxg6+ 1/2-1/2

[Event "FIDE World Blitz 2014"]
[Site "Dubai UAE"]
[Date "2014.06.19"]
[Round "4.7"]
[White "Svidler, Peter"]
[Black "Anton Guijarro, David"]
[Result "1-0"]
[WhiteTitle "GM"]
[BlackTitle "GM"]
[WhiteElo "2753"]
[BlackElo "2631"]
[WhiteFideId "4102142"]
[BlackFideId "2285525"]
[EventDate "2014.06.19"]

1. e4 g6 2. d4 Bg7 3. Nc3 c6 4. h3 d6 5. Be3 Nf6 6. Qd2 Qa5 7. f4 O-O 8. Nf3
Nbd7 9. e5 dxe5 10. dxe5 Ne8 11. h4 Nb6 12. a3 c5 13. h5 Nc7 14. Qf2 Bf5 15.
Bxc5 Na4 16. Bb4 Nxc3 17. Bxa5 Ne4 18. Qh4 Nd5 19. hxg6 Bxg6 20. O-O-O Ne3 21.
Re1 Nf5 22. Qh3 Nf2 23. g4 Nxh3 24. Rxh3 Rac8 25. gxf5 Bxf5 26. Rh2 b6 27. Bc3
Rfd8 28. Nd4 Bd7 29. Bd3 h6 30. Rg1 Kh8 31. e6 Be8 32. Rxg7 1-0

[Event "FIDE World Blitz 2014"]
[Site "Dubai UAE"]
[Date "2014.06.19"]
[Round "4.10"]
[White "Mamedov, Rauf"]
[Black "Kasimdzhanov, Rustam"]
[Result "1/2-1/2"]
[WhiteTitle "GM"]
[BlackTitle "GM"]
[WhiteElo "2659"]
[BlackElo "2700"]
[WhiteFideId "13401653"]
[BlackFideId "14200244"]
[EventDate "2014.06.19"]

1. e4 e6 2. d4 d5 3. Nd2 c5 4. Ngf3 Nc6 5. exd5 exd5 6. Bb5 Bd6 7. dxc5 Bxc5 8.
Nb3 Bd6 9. O-O Ne7 10. h3 O-O 11. c3 Bf5 12. Re1 a6 13. Bd3 Qd7 14. Nbd4 Bg6 15.
Bg5 Nxd4 16. Nxd4 Nc6 17. Nf3 Rfe8 18. Bxg6 hxg6 19. Qd2 Bc5 20. Rxe8+ Rxe8 21.
Rd1 Ne5 22. Qxd5 Qb5 23. Nxe5 Rxe5 24. Qd8+ Kh7 25. Bf4 Rf5 26. Bg3 Qxb2 27.
Qh4+ Rh5 28. Qc4 Rf5 29. Qh4+ Rh5 30. Qc4 b5 31. Qb3 Qe2 32. Rd7 Rf5 33. Kh2
Bxf2 34. Bxf2 Qxf2 35. Qb4 Qf4+ 36. Qxf4 Rxf4 37. Ra7 Ra4 38. Rxf7 Rxa2 39. Ra7
g5 40. Kg3 Kg6 41. Kf3 Kf6 42. g4 Ra3 43. Ke4 g6 44. Kd4 Ra4+ 45. Kd5 Ra3 46.
Kd4 Ke6 47. Rg7 Ra4+ 48. Kd3 Ke5 49. Rxg6 Kf4 50. Rh6 Ra3 51. Kc2 Ra2+ 52. Kb3
Ra4 53. Rh5 Ra1 1/2-1/2

[Event "FIDE World Blitz 2014"]
[Site "Dubai UAE"]
[Date "2014.06.19"]
[Round "4.11"]
[White "Zhigalko, Sergei"]
[Black "Korobov, Anton"]
[Result "0-1"]
[WhiteTitle "GM"]
[BlackTitle "GM"]
[WhiteElo "2678"]
[BlackElo "2680"]
[WhiteFideId "13502956"]
[BlackFideId "14105730"]
[EventDate "2014.06.19"]

1. e4 c5 2. c3 d5 3. exd5 Qxd5 4. d4 g6 5. Nf3 Bg7 6. Na3 Nh6 7. Nb5 Na6 8. Be2
O-O 9. O-O Nf5 10. c4 Qd8 11. d5 Bd7 12. Nc3 e5 13. dxe6 Bxe6 14. Nd5 h6 15. Qb3
Nd4 16. Nxd4 cxd4 17. Qxb7 Nc5 18. Qb5 Rc8 19. Bf3 g5 20. h3 a6 21. Qb4 Kh8 22.
Rd1 f5 23. Nb6 g4 24. Nxc8 Qxc8 25. hxg4 fxg4 26. Bd5 Bxd5 27. cxd5 Qf5 28. Rf1
Nd3 29. Qd2 g3 30. f4 0-1

[Event "FIDE World Blitz 2014"]
[Site "Dubai UAE"]
[Date "2014.06.19"]
[Round "4.12"]
[White "Bacrot, Etienne"]
[Black "Laznicka, Viktor"]
[Result "1-0"]
[WhiteTitle "GM"]
[BlackTitle "GM"]
[WhiteElo "2720"]
[BlackElo "2679"]
[WhiteFideId "605506"]
[BlackFideId "316385"]
[EventDate "2014.06.19"]

1. Nf3 d5 2. d4 Nf6 3. c4 c6 4. g3 dxc4 5. Bg2 Nbd7 6. a4 a5 7. O-O Nb6 8. Qc2
g6 9. Nbd2 Bg7 10. Nxc4 Bf5 11. Qb3 Nxc4 12. Qxc4 Be4 13. Qb3 O-O 14. Bf4 Nd5
15. Bd2 Qb6 16. Qxb6 Nxb6 17. e3 Bc2 18. Rfc1 Bxa4 19. Bf1 Bb3 20. Bxa5 Bd5 21.
Bxb6 Bxf3 22. Bc5 Bf6 23. Bg2 Bxg2 24. Kxg2 Rfc8 25. f4 e6 26. Kf3 Bd8 27. g4 f5
28. e4 Kf7 29. gxf5 exf5 30. exf5 gxf5 31. Bd6 Bb6 32. Be5 Rxa1 33. Rxa1 Rd8 34.
Ra4 Rd7 35. Ke3 Ke6 36. Ra8 Kd5 37. Rf8 Kc4 38. Rxf5 Bxd4+ 39. Bxd4 Rxd4 40. b3+ 1-0